Among Us Sabotages - Statistics

General Stats
  • This quiz has been taken 120 times
  • The average score is 3 of 10
Answer Stats
Hints Sabotage or Abilities % Correct
Turn 5 Switches on Lights
85%
I can't see tasks Comms
68%
Wait for 2 people to put their hands on this Reactor Meltdown/Reset Seismic Stabilizers
57%
Green means alive and red means dead Vitals
32%
Two, one in Admin and one in O2 Oxygen Depleted
30%
In here, out to kill, sabotage, and back in here Venting
21%
I passed the Northwest Sensor Door Log
19%
I see you in there, killing people Security Cameras
13%
I can't get in this room, it's locked, maybe a body is in that room. Door Sabotage
4%
two in that room, one in that room... Admin Check
3%
No matching quizzes found
Score Distribution
Percent of People with Each Score
Percentile by Number Answered
Your Score History
You have not taken this quiz